00322nam a22001457a 4500003000400000020001800004082002100022100001900043245003000062250001900092260001900111300000800130650001900138653001900157SGT a9788131249079 a611.018931bT19N aNanci, Antonio aTen Cate's Oral Histology a1st South Asia bElsevierc2019 a344 aOral Histology aOral Histology